Statistics for Historical Figures Today

Click here to take the quiz!

General Stats

  • This quiz has been taken 16 times
  • The average score is 12 of 44

Answer Stats

Answer% Correct
Julius Caesar
93%
Abraham Lincoln
86%
Cleopatra
86%
Alexander the Great
71%
Queen Elizabeth I
71%
Henry VII
64%
Henry VIII
64%
Napoleon Bonaparte
57%
George Washington
50%
Joan of Arc
50%
Anne Boleyn
43%
Benjamin Franklin
43%
Vincent Van Gogh
43%
Augustus
36%
Louis XIV
36%
Nefertiti
36%
Catherine the Great
29%
Leonardo Da Vinci
29%
Marie Antoinette
29%
William Shakespeare
29%
Caligula
21%
Mona Lisa
21%
Wolfgang Amadeus Mozart
21%
Catherine of Aragon
14%
Isabella I of Castile
14%
Ludwig Van Beethoven
14%
Grace Kelly
7%
Isaac Newton
7%
Jane Austen
7%
Johann Sebastian Bach
7%
Mary, Queen of Scots
7%
Agrippina the Younger
0%
Anastasia Romanov
0%
Catherine Parr
0%
Christina of Denmark
0%
Eleanor of Toledo
0%
Empress Elizabeth of Austria
0%
Katherine Howard
0%
Louis XV
0%
Madame De Pompadour
0%
Madame Du Barry
0%
Marcus Aurelius
0%
Mary Tudor
0%
Rembrandt
0%

Score Distribution

Percentile by Number Answered

Percent of People with Each Score

Your Score History

You have not taken this quiz